[Event "1900+ Master norm tournament, 30+1"]
[Site "SchemingMind.com"]
[Date "2009.07.18"]
[Round "-"]
[White "dvaldez"]
[Black "maaac"]
[Result "1-0"]
[WhiteCountry "CAN"]
[BlackCountry "AUS"]
[WhiteElo "2009"]
[WhiteRD "75"]
[BlackElo "1936"]
[BlackRD "68"]
[GameID "213055"]

1. e4 c5 2. Nf3 d6 3. d4 cxd4 4. Nxd4 Nf6 5. Nc3 a6 6. Be3 e5 7. Nb3 Be6 8. f3 Nbd7 9. Qd2 b5 10. O-O-O Be7
11. g4 Nb6 12. g5 Nfd7 13. Nd5 Nc5 14. Nxe7 Kxe7 15. Nxc5
1-0

[Event "1900+ Master norm tournament, 30+1"]
[Site "SchemingMind.com"]
[Date "2009.07.18"]
[Round "-"]
[White "maaac"]
[Black "dvaldez"]
[Result "1/2-1/2"]
[WhiteCountry "AUS"]
[BlackCountry "CAN"]
[WhiteElo "1980"]
[WhiteRD "68"]
[BlackElo "1978"]
[BlackRD "72"]
[GameID "213056"]

1. d4 Nf6 2. c4 c5 3. Nf3 cxd4 4. Nxd4 e5 5. Nc2 d5 6. cxd5 Nxd5 7. e4 Nb4 8. Qxd8+ Kxd8 9. Nxb4 Bxb4+ 10. Bd2 Nc6
11. Bc4 Bxd2+ 12. Nxd2 Nd4 13. O-O Be6 14. Bxe6 Nxe6 15. Nc4 f6 16. Nd6 Ke7 17. Nf5+ Kf7 18. Nd6+ Ke7 19. Nf5+ Kf7 20. Nd6+ Ke7
21. Nf5+ Kf7
1/2-1/2

[Event "1900+ Master norm tournament, 30+1"]
[Site "SchemingMind.com"]
[Date "2009.07.18"]
[Round "-"]
[White "klagefall"]
[Black "dvaldez"]
[Result "1/2-1/2"]
[WhiteCountry "GER"]
[BlackCountry "CAN"]
[WhiteElo "2045"]
[WhiteRD "56"]
[BlackElo "2009"]
[BlackRD "75"]
[GameID "213062"]

1. d4 Nf6 2. c4 c5 3. d5 e6 4. Nf3 exd5 5. cxd5 d6 6. Nc3 g6 7. Bf4 Bg7 8. Qa4+ Bd7 9. Qb3 Qc7 10. Nd2 Nh5
11. Bg5 a6 12. a4 h6 13. Bh4 g5 14. Bg3 O-O 15. e3 Be8 16. Be2 Nxg3 17. hxg3 Nd7 18. Nc4 Ne5 19. O-O Nxc4 20. Bxc4 f5
21. a5 Rb8 22. Qc2=
1/2-1/2

[Event "1900+ Master norm tournament, 30+1"]
[Site "SchemingMind.com"]
[Date "2009.07.18"]
[Round "-"]
[White "klagefall"]
[Black "maaac"]
[Result "1-0"]
[WhiteCountry "GER"]
[BlackCountry "AUS"]
[WhiteElo "2045"]
[WhiteRD "56"]
[BlackElo "1936"]
[BlackRD "68"]
[GameID "213063"]

1. d4 Nf6 2. c4 e6 3. Nf3 b6 4. a3 d5 5. Nc3 Be7 6. cxd5 exd5 7. Qa4+ c6 8. Bg5 O-O 9. Ne5 Bb7 10. g3 Nfd7
11. Bxe7 Qxe7 12. f4 Nxe5 13. fxe5 f6 14. exf6 Qxf6 15. O-O-O= a5 16. Qb3 b5 17. e4 a4 18. Qa2 Na6 19. Kb1 Kh8 20. e5 Qh6
21. Ka1 b4 22. Ne2 Rf2 23. Nf4 Rxh2 24. Bg2 Rf8 25. Qb1 Kg8 26. Rxh2 Qxh2 27. Rh1 Qxg3 28. Qxh7+ Kf7 29. Qf5+ Kg8 30. Qe6+ Rf7
31. Ng6
1-0

[Event "1900+ Master norm tournament, 30+1"]
[Site "SchemingMind.com"]
[Date "2009.07.18"]
[Round "-"]
[White "dvaldez"]
[Black "klagefall"]
[Result "1/2-1/2"]
[WhiteCountry "CAN"]
[BlackCountry "GER"]
[WhiteElo "1978"]
[WhiteRD "72"]
[BlackElo "2060"]
[BlackRD "60"]
[GameID "213064"]

1. e4 e5 2. Nf3 Nc6 3. Bb5 a6 4. Ba4 Nf6 5. O-O Be7 6. Re1 b5 7. Bb3 d6 8. c3 O-O 9. h3 Na5 10. Bc2 c5
11. d4 Qc7 12. Nbd2 Nc6 13. d5 Nd8 14. a4 Rb8 15. axb5 axb5 16. b4 Bd7 17. Nf1 Ne8 18. Be3 f6 19. Bb3 Nf7 20. Ng3 g6
21. Qd2 Ng7 22. Ra3 c4 23. Bc2 Ra8 24. Rea1 Rxa3 25. Rxa3 Rb8 26. Ne1 Qc8 27. Kh2 Ra8 28. Qc1 Rxa3 29. Qxa3 Qb7 30. Ne2 f5
31. f3 h5=
1/2-1/2

[Event "1900+ Master norm tournament, 30+1"]
[Site "SchemingMind.com"]
[Date "2009.07.18"]
[Round "-"]
[White "maaac"]
[Black "klagefall"]
[Result "1-0"]
[WhiteCountry "AUS"]
[BlackCountry "GER"]
[WhiteElo "1936"]
[WhiteRD "68"]
[BlackElo "2045"]
[BlackRD "56"]
[GameID "213065"]

1. d4 d5 2. c4 e6 3. Nc3 Be7 4. Nf3 Nf6 5. Bg5 O-O 6. e3 h6 7. Bh4 b6 8. cxd5 Nxd5 9. Bxe7 Qxe7 10. e4 Nxc3
11. bxc3 c5 12. Bd3 cxd4 13. cxd4 Qb4+ 14. Qd2 Qxd2+ 15. Kxd2 Ba6= 16. Rhc1 Bxd3 17. Kxd3 Na6 18. a3 Rfc8 19. Ne5 Kf8 20. Nc6 Rc7
21. Rc2 Nc5+ 22. dxc5 Rxc6= 23. Rac1 Rac8 24. cxb6 Rxc2 25. Rxc2 Rxc2 26. Kxc2 axb6 27. Kc3 Ke7 28. Kc4 Kd6 29. Kb5 Kc7 30. e5 g5
31. g4 Kb7 32. a4 Kc7 33. Ka6 Kc6 34. Ka7 Kc7 35. h3 Kc6 36. Kb8
1-0

[Event "1900+ Master norm tournament, 30+1"]
[Site "SchemingMind.com"]
[Date "2009.07.21"]
[Round "-"]
[White "Tanis"]
[Black "dvaldez"]
[Result "0-1"]
[WhiteCountry "CHN"]
[BlackCountry "CAN"]
[WhiteElo "1882"]
[WhiteRD "70"]
[BlackElo "1986"]
[BlackRD "74"]
[GameID "213201"]

1. e4 c5 2. Nf3 Nc6 3. d4 cxd4 4. Nxd4 Nf6 5. Nc3 e5 6. Ndb5 d6 7. Nd5 Nxd5 8. exd5 Ne7 9. c3 Nf5 10. g3 Be7
11. c4 a6 12. Nc3 O-O 13. b3 Bg5 14. Bb2 Nd4 15. Bd3 f5 16. O-O f4 17. Kh1 f3 18. Re1 Bh3 19. Ne4 Bg2+ 20. Kg1 Bh6
21. c5 Rf5 22. Nxd6 Rh5 23. Bxd4 exd4 24. Bf5 Qg5
0-1

[Event "1900+ Master norm tournament, 30+1"]
[Site "SchemingMind.com"]
[Date "2009.07.20"]
[Round "-"]
[White "Tanis"]
[Black "maaac"]
[Result "1/2-1/2"]
[WhiteCountry "CHN"]
[BlackCountry "AUS"]
[WhiteElo "1979"]
[WhiteRD "82"]
[BlackElo "1980"]
[BlackRD "68"]
[GameID "213202"]

1. e4 c5 2. Nf3 d6 3. d4 cxd4 4. Nxd4 Nf6 5. Nc3 a6 6. Bg5 e6 7. f4 Qc7 8. Bxf6 gxf6 9. Qd2 Nc6 10. O-O-O Bd7
11. g3 O-O-O 12. Bg2 h5 13. h3 h4 14. g4 Nxd4 15. Qxd4 Be7 16. Rd2 Bc6 17. Rhd1 Kb8 18. Kb1 Qa5 19. Bh1 Qc5 20. Qd3 Ka8
21. Ne2 d5 22. exd5 Bxd5 23. Bxd5 Rxd5 24. Qb3 Rxd2 25. Rxd2 Rd8 26. Rxd8+ Bxd8 27. c4 Bc7 28. Qd3 Qf2 29. f5 exf5 30. gxf5 Be5
31. a3 Ka7 32. b4 a5 33. Ka2 a4 34. Kb1 Qe1+ 35. Kc2 Qa1 36. Nc3 Bxc3 37. Qxc3 Qa2+ 38. Kc1 Qe2 39. Qd4+ Ka8= 40. Qd8+ Ka7
41. Qd4+=
1/2-1/2

[Event "1900+ Master norm tournament, 30+1"]
[Site "SchemingMind.com"]
[Date "2009.07.20"]
[Round "-"]
[White "Tanis"]
[Black "klagefall"]
[Result "0-1"]
[WhiteCountry "CHN"]
[BlackCountry "GER"]
[WhiteElo "1882"]
[WhiteRD "70"]
[BlackElo "2061"]
[BlackRD "64"]
[GameID "213203"]

1. e4 e5 2. Nf3 Nc6 3. Bb5 a6 4. Ba4 Nf6 5. O-O Be7 6. Re1 b5 7. Bb3 d6 8. c3 O-O 9. d4 Bg4 10. d5 Na5
11. Bc2 c6 12. h3 Bc8 13. Bg5 cxd5 14. exd5 Bb7 15. Bxf6 Bxf6 16. a4 Nc4 17. b3 Nb6 18. axb5 axb5 19. Rxa8 Qxa8 20. Qd3 g6
21. Qxb5 Nxd5 22. Be4 Rb8 23. Qd7 Rd8 24. Qg4 Nf4 25. Bxb7 Qxb7 26. Nbd2 Ra8 27. Re3 Bd8 28. Nh2 Bb6 29. Re1 Ra2 30. Nhf1 f5
31. Qg3 Rc2 32. Kh1 Rxc3 33. f3 Nd3 34. Re2 Rc1 35. Qh4 Kg7 36. Kh2 Nf4 37. Re1 Rxe1 38. Qxe1 Bc5 39. g3 Nd3 40. Qe2 Qd5
41. f4 exf4
0-1

[Event "1900+ Master norm tournament, 30+1"]
[Site "SchemingMind.com"]
[Date "2009.07.21"]
[Round "-"]
[White "dvaldez"]
[Black "Tanis"]
[Result "1-0"]
[WhiteCountry "CAN"]
[BlackCountry "CHN"]
[WhiteElo "1986"]
[WhiteRD "74"]
[BlackElo "1882"]
[BlackRD "70"]
[GameID "213204"]

1. e4 e6 2. d4 d5 3. Nd2 Be7 4. Ngf3 Nf6 5. e5 Nfd7 6. Bd3 c5 7. c3 Nc6 8. O-O a5 9. Re1 cxd4 10. cxd4 O-O
11. Nf1 f6 12. exf6 Bxf6 13. a3 Rf7 14. Ng3 e5 15. dxe5 Ndxe5 16. Nxe5 Nxe5 17. Bb1 Bg4 18. Qc2 g6 19. Ba2 Rc8 20. Qb3 Nc4
21. Qa4 Bd4 22. Nh1 Qf6 23. Be3 Bxb2 24. Rab1
1-0

[Event "1900+ Master norm tournament, 30+1"]
[Site "SchemingMind.com"]
[Date "2009.07.20"]
[Round "-"]
[White "maaac"]
[Black "Tanis"]
[Result "0-1"]
[WhiteCountry "AUS"]
[BlackCountry "CHN"]
[WhiteElo "1980"]
[WhiteRD "68"]
[BlackElo "1979"]
[BlackRD "82"]
[GameID "213205"]

1. d4 Nf6 2. c4 e6 3. g3 c5 4. Nf3 cxd4 5. Nxd4 Bb4+ 6. Bd2 Bxd2+ 7. Nxd2 Qb6 8. N4b3 O-O 9. Bg2 Nc6 10. O-O d5
11. cxd5 exd5 12. Nf3 Re8 13. e3 Bg4 14. Qd2 Rac8 15. h3 Bxf3 16. Bxf3 Ne5 17. Bg2 Qb5 18. Nd4 Qb6 19. Rac1 Nc4 20. Qe2 Qxd4
0-1

[Event "1900+ Master norm tournament, 30+1"]
[Site "SchemingMind.com"]
[Date "2009.07.20"]
[Round "-"]
[White "klagefall"]
[Black "Tanis"]
[Result "1-0"]
[WhiteCountry "GER"]
[BlackCountry "CHN"]
[WhiteElo "2061"]
[WhiteRD "64"]
[BlackElo "1882"]
[BlackRD "70"]
[GameID "213206"]

1. d4 Nf6 2. c4 e6 3. Nf3 c5 4. d5 d6 5. Nc3 exd5 6. cxd5 Bg4 7. Qa4+ Nbd7 8. Bg5 Bxf3 9. gxf3 Be7 10. Bf4 O-O
11. O-O-O a6 12. e4 b5 13. Qc2 Qa5 14. Kb1 Nb6 15. e5 dxe5 16. Bxe5 Nfd7 17. Bc7 Bd8 18. Bd6 Re8 19. Rg1 c4 20. Bh3 b4
21. Ne4 Nf6 22. Qd2 c3 23. Qg5 g6 24. Nxf6+ Bxf6 25. Qxf6 Re2 26. Be5 c2+ 27. Ka1 cxd1=Q+ 28. Rxd1 Rxe5 29. Qxe5 Rd8 30. f4= Nc4
31. Qe1 Nxb2 32. Kxb2 Qa3+ 33. Ka1 Qxh3 34. Qxb4 Qxh2 35. Qd4 Qh5 36. d6 Qg4 37. d7 h6 38. Kb2 Qe2+ 39. Rd2 Qe7 40. f5 gxf5
41. f3
1-0

[Event "1900+ Master norm tournament, 30+1"]
[Site "SchemingMind.com"]
[Date "2009.07.26"]
[Round "-"]
[White "Buckaroo Bob"]
[Black "dvaldez"]
[Result "1-0"]
[WhiteCountry "USA"]
[BlackCountry "CAN"]
[WhiteElo "2001"]
[WhiteRD "77"]
[BlackElo "1928"]
[BlackRD "71"]
[GameID "213315"]

1. c4 Nf6 2. Nf3 e6 3. Nc3 c5 4. g3 Be7 5. Bg2 O-O 6. O-O Nc6 7. d4 cxd4 8. Nxd4 a6 9. b3 Qc7 10. Bb2 d6
11. Rc1 Bd7 12. Nd5 Nxd5 13. cxd5 exd5 14. Bxd5 Qb6 15. Nxc6 Bxc6 16. e4 Bxd5 17. Qxd5 Rac8 18. Qf5 Rc5 19. Qg4 Rg5 20. Qd7 Bd8
21. Rfd1 Rg6 22. Ba3 Bg5 23. Rc8 h5 24. Rxf8+ Kxf8 25. Bxd6+ Kg8 26. Bc7 Qb4 27. Qc8+ Kh7 28. Qf5 h4 29. Rd6 hxg3 30. hxg3 Qe1+
31. Kg2 Qc1 32. Rxg6 fxg6 33. Qh3+ Bh6 34. Bf4 Qc2 35. Qe6 Qxa2 36. Bxh6 gxh6 37. Qf7+ Kh8 38. Qxb7 Qe2 39. b4 g5 40. Qe7 g4
41. Qf8+ Kh7 42. Qf7+ Kh8 43. Qf6+ Kh7 44. Qf5+ Kh8 45. e5 Qd2 46. e6 Qe2 47. Qf8+ Kh7 48. Qf7+ Kh8 49. e7 Qe4+ 50. Kh2
1-0

[Event "1900+ Master norm tournament, 30+1"]
[Site "SchemingMind.com"]
[Date "2009.07.26"]
[Round "-"]
[White "Buckaroo Bob"]
[Black "Tanis"]
[Result "1-0"]
[WhiteCountry "USA"]
[BlackCountry "CHN"]
[WhiteElo "2012"]
[WhiteRD "77"]
[BlackElo "1882"]
[BlackRD "70"]
[GameID "213316"]

1. c4 g6 2. d4 c5 3. Nf3 Bg7 4. e4 Qb6 5. Nc3 cxd4 6. Nd5 Qa5+ 7. b4 Qd8 8. Nxd4 e6 9. Ne3 Nc6 10. Bb2 Qb6
11. a3 Nxd4 12. c5 Qc6 13. Bxd4 f6 14. Bd3 Nh6 15. O-O O-O 16. f4 d6 17. cxd6
1-0

[Event "1900+ Master norm tournament, 30+1"]
[Site "SchemingMind.com"]
[Date "2009.07.26"]
[Round "-"]
[White "Buckaroo Bob"]
[Black "maaac"]
[Result "1-0"]
[WhiteCountry "USA"]
[BlackCountry "AUS"]
[WhiteElo "2030"]
[WhiteRD "75"]
[BlackElo "2010"]
[BlackRD "73"]
[GameID "213317"]

1. c4 e5 2. g3 f5 3. d4 exd4 4. Qxd4 Nc6 5. Qe3+ Be7 6. Nc3 Nf6 7. Bg2 O-O 8. Nh3 d6 9. O-O Ne5 10. b3 c6
11. Nf4 Bd7 12. Bb2 Qc7 13. Rfd1 Rae8 14. Qxa7 g5 15. Nfd5 cxd5 16. Nxd5 Qb8 17. Qd4 Nc6 18. Qd2 h6 19. Nxe7+ Rxe7 20. Qxd6 Qxd6
21. Rxd6 Kg7 22. Rad1 Be8 23. e3 Kg6 24. Ba3 Rff7 25. Bd5 Rh7 26. Bb2 Ne5 27. Bxb7 Rxb7 28. Bxe5 Rhf7 29. Ra6 Rbd7 30. Rxd7 Bxd7
31. c5 g4 32. Rd6 Bc8 33. c6 Kg5 34. Rd8 Ba6 35. c7 Ne4 36. c8=Q Bxc8 37. Rxc8 Rd7 38. Bd4 Nd2 39. Rg8+ Kh5 40. Rf8 Kg6
41. Kg2 Nf3 42. Rf6+ Kg5 43. h4+ gxh3+ 44. Kxf3 Rc7 45. Ra6 Rc1 46. Bf6+ Kg6 47. Bb2+
1-0

[Event "1900+ Master norm tournament, 30+1"]
[Site "SchemingMind.com"]
[Date "2009.07.26"]
[Round "-"]
[White "Buckaroo Bob"]
[Black "klagefall"]
[Result "1/2-1/2"]
[WhiteCountry "USA"]
[BlackCountry "GER"]
[WhiteElo "2012"]
[WhiteRD "77"]
[BlackElo "2061"]
[BlackRD "64"]
[GameID "213318"]

1. c4 e6 2. d4 d5 3. Nc3 Be7 4. Nf3 Nf6 5. Bf4 O-O 6. e3 c5 7. dxc5 Bxc5 8. a3 Nc6 9. Qc2 Qa5 10. O-O-O Be7
11. h4 a6 12. Ng5 Rd8 13. cxd5 exd5 14. e4 Nxe4 15. Ngxe4 dxe4 16. Rxd8+ Qxd8 17. Qxe4 g6 18. Bc4 Bf5 19. Qd5 Qf8 20. h5 Rd8
21. Qf3 Bxa3 22. Rd1 Rxd1+ 23. Nxd1 Qc5 24. Qd5 Qxd5 25. Bxd5 Bc5 26. hxg6 hxg6 27. Be3 Bxe3+ 28. Nxe3 Bd7 29. Nc4 b5 30. Nb6 Be8
31. Nc8 Kf8 32. Kd2 Ne7 33. Nxe7 Kxe7 34. b4 Kd6 35. Bb3 Kc6 36. g4 g5 37. Ke3 Kd6 38. f4 f6 39. fxg5 fxg5 40. Kd4 Bd7
41. Bd1=
1/2-1/2

[Event "1900+ Master norm tournament, 30+1"]
[Site "SchemingMind.com"]
[Date "2009.07.26"]
[Round "-"]
[White "dvaldez"]
[Black "Buckaroo Bob"]
[Result "1/2-1/2"]
[WhiteCountry "CAN"]
[BlackCountry "USA"]
[WhiteElo "1993"]
[WhiteRD "72"]
[BlackElo "1985"]
[BlackRD "72"]
[GameID "213319"]

1. e4 c5 2. Nf3 d6 3. d4 cxd4 4. Nxd4 Nf6 5. Nc3 a6 6. Be3 Ng4 7. Bg5 h6 8. Bh4 g5 9. Bg3 Bg7 10. h3 Nf6
11. Qf3 Qb6 12. O-O-O Nc6 13. Nxc6 Qxc6 14. Be2 Nd7 15. Nd5 Ne5 16. Qe3 Be6 17. h4 Rc8 18. c3 Qc5 19. hxg5 Qxe3+ 20. Nxe3 Bxa2
21. gxh6 Rxh6 22. Nf5 Rxh1 23. Nxg7+ Kf8 24. Ne6+ Bxe6 25. Rxh1 Ng6 26. f4 Bc4 27. Bf3=
1/2-1/2

[Event "1900+ Master norm tournament, 30+1"]
[Site "SchemingMind.com"]
[Date "2009.07.26"]
[Round "-"]
[White "Tanis"]
[Black "Buckaroo Bob"]
[Result "0-1"]
[WhiteCountry "CHN"]
[BlackCountry "USA"]
[WhiteElo "1882"]
[WhiteRD "70"]
[BlackElo "2012"]
[BlackRD "77"]
[GameID "213320"]

1. e4 c5 2. Nf3 d6 3. d4 cxd4 4. Nxd4 Nf6 5. Nc3 a6 6. Bc4 e6 7. Bb3 Be7 8. g4 Qa5 9. Qe2 Qb4 10. Nf3 b6
11. a3 Qc5 12. Be3 Qc7 13. Nd2 Bb7 14. O-O-O d5 15. exd5 Nxd5 16. Bxd5 Bxd5
0-1

[Event "1900+ Master norm tournament, 30+1"]
[Site "SchemingMind.com"]
[Date "2009.07.26"]
[Round "-"]
[White "maaac"]
[Black "Buckaroo Bob"]
[Result "1-0"]
[WhiteCountry "AUS"]
[BlackCountry "USA"]
[WhiteElo "2010"]
[WhiteRD "73"]
[BlackElo "2030"]
[BlackRD "75"]
[GameID "213321"]

1. d4 Nf6 2. c4 g6 3. Nc3 d5 4. cxd5 Nxd5 5. e4 Nxc3 6. bxc3 Bg7 7. Bc4 O-O 8. Ne2 c5 9. O-O Nc6 10. Be3 Bg4
11. f3 cxd4 12. cxd4 Na5 13. Bd3 Be6 14. Rc1 Bxa2 15. Qa4 Bb3 16. Qa3 b6 17. Ba6 Be6 18. d5 Bxd5 19. exd5 Qxd5 20. Rfd1 Qb3
21. Qxb3 Nxb3 22. Rc7 e6 23. Rdd7 Nc5 24. Bxc5 bxc5 25. Rxc5 Rfd8 26. Rcc7 Rxd7 27. Rxd7 Bf8 28. g4 Rb8 29. Bb7 a5 30. Nc3 Bb4
31. Na4 g5 32. Kf2 Kg7 33. Ke3 Kg6 34. Kd4 Rh8 35. Nb6 h5 36. Nc4 f6 37. Be4+ Kh6 38. h3 hxg4 39. hxg4 a4 40. Nd6 Bxd6
41. Rxd6 e5+ 42. Kd5 Kg7 43. Rd7+ Kf8 44. Rd8+ Kg7 45. Rxh8 Kxh8 46. Kc4 a3 47. Kb3 a2 48. Kxa2 Kg8 49. Kb3
1-0

[Event "1900+ Master norm tournament, 30+1"]
[Site "SchemingMind.com"]
[Date "2009.07.26"]
[Round "-"]
[White "klagefall"]
[Black "Buckaroo Bob"]
[Result "1/2-1/2"]
[WhiteCountry "GER"]
[BlackCountry "USA"]
[WhiteElo "2061"]
[WhiteRD "64"]
[BlackElo "2012"]
[BlackRD "77"]
[GameID "213322"]

1. d4 Nf6 2. c4 g6 3. Nc3 d5 4. Nf3 Bg7 5. Bg5 Ne4 6. cxd5 Nxg5 7. Nxg5 e6 8. Nf3 exd5 9. b4 Qd6 10. Qb3 Nc6
11. e3 Qxb4 12. Qxb4 Nxb4 13. Kd2 c5 14. dxc5 O-O 15. Rb1 a5 16. a3 Nc6 17. Nb5 a4 18. Nd6 Na5 19. Nd4 Be5 20. Nxc8 Rfxc8
21. Rb5 Nb3+ 22. Nxb3 axb3 23. Rxb3 Rxc5 24. Bd3= Ra7 25. Rhb1 Rc7 26. Ke2 Kf8 27. f4 Bd6 28. a4 Rxa4 29. Rxb7 Rxb7 30. Rxb7 Ra2+
31. Kf3 Ra3 32. Rd7 Rxd3 33. Ke2 Ra3 34. Rxd6 Ra2+ 35. Kf3 Rd2 36. f5 Ke7 37. fxg6 hxg6 38. Ra6 g5 39. h3 f6 40. Rb6=
1/2-1/2

[Event "1900+ Master norm tournament, 30+1"]
[Site "SchemingMind.com"]
[Date "2009.07.23"]
[Round "-"]
[White "Darko"]
[Black "dvaldez"]
[Result "1-0"]
[WhiteCountry "ROU"]
[BlackCountry "CAN"]
[WhiteElo "2087"]
[WhiteRD "70"]
[BlackElo "1993"]
[BlackRD "72"]
[GameID "213400"]

1. d4 Nf6 2. c4 c5 3. d5 e6 4. Nc3 exd5 5. cxd5 d6 6. e4 g6 7. Nf3 Bg7 8. h3 O-O 9. Bd3 a6 10. a4 Re8
11. O-O Nbd7 12. Re1 Qc7 13. Bf4 Rb8 14. Bc4 Nh5 15. Bh2 Ne5 16. Be2 Nxf3+ 17. Bxf3 Nf6 18. e5 dxe5 19. d6 Qb6 20. Bxe5 Bd7
21. Qd2 Qa5 22. Re2 b5 23. Rae1 bxa4 24. Qf4 Rb4 25. Qg5 h6 26. Qd2 Qd8 27. Bxf6 Rxe2 28. Rxe2 Qxf6 29. Nd5 Qxb2 30. Ne7+ Kh7
31. Qd5 Qa1+ 32. Kh2 Qf6 33. g3 Rd4 34. Qa8 Bf8 35. Qxf8 Qg7 36. Qb8 Rb4 37. Qa7 Qf6 38. Qxd7 Qxf3 39. Qe8 Kg7 40. Qg8+ Kf6
41. Qh8+ Kg5 42. Re5+ f5 43. Rxf5+
1-0

[Event "1900+ Master norm tournament, 30+1"]
[Site "SchemingMind.com"]
[Date "2009.07.22"]
[Round "-"]
[White "Darko"]
[Black "Tanis"]
[Result "1-0"]
[WhiteCountry "ROU"]
[BlackCountry "CHN"]
[WhiteElo "2018"]
[WhiteRD "73"]
[BlackElo "1882"]
[BlackRD "70"]
[GameID "213401"]

1. e4 e6 2. d4 d5 3. Nc3 Bb4 4. e5 c5 5. a3 Bxc3+ 6. bxc3 Qc7 7. Qg4 Ne7 8. Qxg7 Rg8 9. Qxh7 cxd4 10. Ne2 Nbc6
11. f4 Bd7 12. Qd3 dxc3 13. Qxc3 Rc8 14. Rb1 Nf5 15. Bd2 b6 16. g3 Qd8 17. Qd3 Qc7 18. Rg1 Rh8 19. g4 Nfe7 20. h3 Ng6
21. Rb3 Nh4 22. Kf2 Ng6 23. Bg2
1-0

[Event "1900+ Master norm tournament, 30+1"]
[Site "SchemingMind.com"]
[Date "2009.07.22"]
[Round "-"]
[White "Darko"]
[Black "maaac"]
[Result "1-0"]
[WhiteCountry "ROU"]
[BlackCountry "AUS"]
[WhiteElo "1977"]
[WhiteRD "73"]
[BlackElo "1980"]
[BlackRD "68"]
[GameID "213402"]

1. e4 c5 2. Nf3 d6 3. d4 cxd4 4. Nxd4 Nf6 5. Nc3 a6 6. Be3 e5 7. Nb3 Be6 8. f3 Nbd7 9. Qd2 b5 10. O-O-O Rc8
11. Kb1 Be7 12. g4 Nb6 13. g5 Nfd7 14. h4 O-O 15. Rg1 Nc4 16. Bxc4 bxc4 17. Nc1 Nb6 18. N1e2 Qc7 19. f4 exf4 20. Nxf4 Rfd8
21. Nh5 Kh8 22. Qd4
1-0

[Event "1900+ Master norm tournament, 30+1"]
[Site "SchemingMind.com"]
[Date "2009.07.27"]
[Round "-"]
[White "Darko"]
[Black "Buckaroo Bob"]
[Result "1/2-1/2"]
[WhiteCountry "ROU"]
[BlackCountry "USA"]
[WhiteElo "2087"]
[WhiteRD "70"]
[BlackElo "1985"]
[BlackRD "72"]
[GameID "213403"]

1. e4 c5 2. Nf3 d6 3. d4 cxd4 4. Nxd4 Nf6 5. Nc3 a6 6. Be3 Ng4 7. Bg5 h6 8. Bh4 g5 9. Bg3 Bg7 10. h3 Nf6
11. Qf3 Qb6 12. O-O-O Nc6 13. Nxc6 Qxc6 14. Be2 Be6 15. e5 dxe5 16. Bxe5 O-O 17. a3 Nd7 18. Bxg7 Kxg7 19. Qe3 Rac8 20. h4 g4
21. f3 Nf6 22. Rd4 Nd5 23. Rxd5 Bxd5 24. Qe5+ f6 25. Qxd5 gxf3 26. Qxc6 Rxc6 27. Bxf3 Rc7 28. Re1 e5 29. g4 b5 30. Be4 Rc4
31. h5 Rd8 32. Rd1 Rdd4 33. Rxd4 exd4 34. Ne2 d3 35. Nc3 dxc2 36. Kxc2 Rd4 37. Bf5 b4 38. axb4 Rxb4 39. Ne4=
1/2-1/2

[Event "1900+ Master norm tournament, 30+1"]
[Site "SchemingMind.com"]
[Date "2009.07.22"]
[Round "-"]
[White "Darko"]
[Black "klagefall"]
[Result "1-0"]
[WhiteCountry "ROU"]
[BlackCountry "GER"]
[WhiteElo "2018"]
[WhiteRD "73"]
[BlackElo "2061"]
[BlackRD "64"]
[GameID "213404"]

1. d4 d5 2. c4 e6 3. Nc3 Be7 4. Nf3 Nf6 5. Bg5 O-O 6. e3 h6 7. Bh4 b6 8. Rc1 Bb7 9. Be2 Nbd7 10. cxd5 Nxd5
11. Nxd5 Bxh4 12. Nxc7 Rc8 13. Nb5 Be7 14. O-O a6 15. Nc3 b5 16. Bd3 Qa5 17. a3 Rfd8 18. Qe2 Nb6 19. h3 Nc4 20. Bxc4 Rxc4
21. Nd2 Rc7 22. Nce4 Rdc8 23. Nc5 Bd5 24. b4 Qxa3 25. Ra1 Qxb4 26. Nxa6 Qc3 27. Nxc7 Rxc7 28. Qxb5 Rb7 29. Qe8+ Kh7 30. Nf3 Bf6
31. Rfc1 Qb2 32. Qa4 Qe2 33. Qd1 Qb5 34. Qc2+ g6 35. Rcb1 Qd7 36. Ne5 Rxb1+ 37. Rxb1 Bxe5 38. dxe5 Qc6 39. Qxc6 Bxc6 40. Kh2 h5
41. h4 Kg7 42. Rc1 Bd5 43. Rc7 Kg8 44. Kg3 Kg7 45. f4 Be4 46. Kf2 Bd5 47. g3 Kf8 48. Ke2 Be4 49. Kd2 Ke8 50. Kc3 Bd5
51. Kd4
1-0

[Event "1900+ Master norm tournament, 30+1"]
[Site "SchemingMind.com"]
[Date "2009.07.24"]
[Round "-"]
[White "dvaldez"]
[Black "Darko"]
[Result "0-1"]
[WhiteCountry "CAN"]
[BlackCountry "ROU"]
[WhiteElo "1989"]
[WhiteRD "75"]
[BlackElo "2039"]
[BlackRD "72"]
[GameID "213405"]

1. e4 e5 2. Nf3 Nc6 3. Bb5 a6 4. Ba4 Nf6 5. O-O Nxe4 6. d4 b5 7. Bb3 d5 8. dxe5 Be6 9. Nbd2 Nc5 10. c3 d4
11. Bxe6 Nxe6 12. cxd4 Ncxd4 13. a4 Be7 14. Nxd4 Nxd4 15. Ne4 O-O 16. axb5 Nxb5 17. Qg4 Qc8 18. Qg3 Qe6 19. Be3 Rad8 20. Nf6+ Bxf6
21. exf6 g6 22. Qh4 Kh8 23. Rfe1 Qc6 24. Rac1 Qd7 25. Bh6 Rfe8 26. Bg7+ Kg8 27. Qh6 Nd4 28. Qf4 Rxe1+ 29. Rxe1 Ne2+
0-1

[Event "1900+ Master norm tournament, 30+1"]
[Site "SchemingMind.com"]
[Date "2009.07.22"]
[Round "-"]
[White "Tanis"]
[Black "Darko"]
[Result "0-1"]
[WhiteCountry "CHN"]
[BlackCountry "ROU"]
[WhiteElo "1987"]
[WhiteRD "88"]
[BlackElo "2042"]
[BlackRD "81"]
[GameID "213406"]

1. e4 c5 2. Nf3 d6 3. d4 cxd4 4. Nxd4 Nf6 5. Nc3 a6 6. Bg5 e6 7. f4 Qb6 8. Bxf6 gxf6 9. Be2 Qxb2 10. Rb1 Qxc3+
0-1

[Event "1900+ Master norm tournament, 30+1"]
[Site "SchemingMind.com"]
[Date "2009.07.22"]
[Round "-"]
[White "maaac"]
[Black "Darko"]
[Result "1-0"]
[WhiteCountry "AUS"]
[BlackCountry "ROU"]
[WhiteElo "1980"]
[WhiteRD "68"]
[BlackElo "1977"]
[BlackRD "73"]
[GameID "213407"]

1. d4 Nf6 2. c4 e6 3. g3 d5 4. Nf3 dxc4 5. Bg2 b5 6. O-O Bb7 7. a4 c6 8. b3 cxb3 9. Qxb3 a6 10. Rd1 Nbd7
11. Ne5 Qb6 12. Be3 Nd5 13. Nxd7 Kxd7 14. Bc1 bxa4 15. Qxa4 Qb5 16. Qc2 Bb4 17. e4 Nf6 18. Na3 Qb6 19. Nc4 Qc7 20. Bf4 Qd8
21. Qa4 a5 22. d5 Ke7 23. dxc6 Qc8 24. cxb7
1-0

[Event "1900+ Master norm tournament, 30+1"]
[Site "SchemingMind.com"]
[Date "2009.07.27"]
[Round "-"]
[White "Buckaroo Bob"]
[Black "Darko"]
[Result "0-1"]
[WhiteCountry "USA"]
[BlackCountry "ROU"]
[WhiteElo "1985"]
[WhiteRD "72"]
[BlackElo "2087"]
[BlackRD "70"]
[GameID "213408"]

1. c4 e5 2. Nc3 Nf6 3. Nf3 Nc6 4. g3 Nd4 5. Bg2 Nxf3+ 6. Bxf3 Bb4 7. Qb3 Bc5 8. d3 c6 9. g4 d6 10. h3 Qb6
11. Qxb6 Bxb6 12. b4 O-O 13. g5 Ne8 14. a4 Bd4 15. Bb2 f6 16. h4 fxg5 17. hxg5 Bf5 18. Rh2 Bxd3 19. Bxc6 Bxc4 20. Be4 g6
21. e3 Bxc3+ 22. Bxc3 d5 23. Bc2 e4 24. O-O-O Nd6 25. Rdh1 Rf7 26. Be5 Rd8 27. f4 Nf5 28. Rh3 Rc8 29. Kd2 b5 30. axb5 Bxb5
31. Bb3 Bc4 32. Rc1 Rb7 33. Bxc4 dxc4 34. Ra1 Rc6 35. Bd4 Nxd4 36. exd4 Rcb6 37. Ke3 Rxb4 38. Kxe4 Rb3 39. Rxb3 cxb3 40. Kd3 a5
41. Kc3 b2 42. Rb1 Kf7
0-1